000 00849nam a2200241 4500
003 CO-ViMGA
020 _a978958882003
040 _aCO-ViMGA
_bspa
_cCO-ViMGA
082 0 4 _a306.4
_bV15v
245 1 0 _aEl valor del patrimonio :
_bMercado, politicas culturales y agenciamientos sociales /
_cMargarita Chaves comp.
260 _aBogotá :
_bInstituto Colombiano de Antropología e Historia. ICANH
_c2014
300 _a560 p.
_bil.
490 _aColección Antropología en la modernidad
500 _aIncluye índice
504 _aIncluye bibliografia
650 1 4 _aMulticulturalismo
_97148
650 1 4 _aPatrimonio cultural
_zColombia
_97146
650 1 4 _aTurismo cultural
_zColombia
_97147
700 1 _aChaves, Margarita
_ecomp.
_97149
700 1 _aMontenegro, Mauricio
_ecomp.
_97151
700 1 _aZambrano, Marta
_ecomp.
_97150
942 _2ddc
_cBK
999 _c37667
_d37667